000 00608cam a2200217 i 4500
001 sa 68011582
003 DLC
005 20260227112602.0
008 811029s1965 ii 000 0 tam
010 _asa 68011582
020 _cRs3.50
040 _aDLC
_cDLC
_dDLC
050 0 0 _aPL4758.6.A2
_bK8 1965
130 0 _aKur̲untokai.
245 0 0 _aKur̲untokai :
_bteḷivuraiyuṭan̲ /
_cteḷivurai, Puliyūrk Kēcikan̲.
260 _aCen̲n̲ai :
_bPāri Nilaiyam,
_c[1965]
300 _a522 p. ;
_c19 cm.
500 _aIn Tamil.
650 0 _aTamil poetry
_yTo 1500.
700 0 _aPuliyūrk Kēcikan̲.
999 _c83988
_d83988